000
00294nam a22001337a 4500
008
170801b xxu||||| |||| 00| 0 eng d
020
_a
0444819894
041
_a
eng
080
_a
004
100
_a
32
101
_a
SHKI
245
_a
TECHNOLOGY AND FOUNDATIONS
_c
PEHRSON, B
942
_2
udc
_c
BK
999
_c
22402
_d
22402